Inteligentné meracie členy v decentralizovaných automatických riadiacich systémoch

Bibliographic Details
Main Author: Georgiev, Ivan (Author)
Format: Article
Language:Slovak
Subjects:

MARC

LEADER 00000nab a2200000 a 4500
001 vtls000239574
003 SK-MaSNL
005 20260302211900.0
008 111202c1985 xo 0 slo
015 |a SNBRA19rr/mm-uuuuu 
035 |a CL0249688 
040 |a SNKBUCL  |b slo  |c SNKBUCL  |e AACR2 
041 0 |a slo 
044 |a xo  |c SK 
080 |a 681.51:007.52  |2 1981 
080 |a 007.52  |2 1981 
080 |a 681.3  |2 1981 
100 1 |a Georgiev, Ivan  |4 aut  |9 499670 
245 1 0 |a Inteligentné meracie členy v decentralizovaných automatických riadiacich systémoch  |c Ivan Georgiev 
650 0 7 |a systémy riadiace automatizované  |2 snkbucl  |9 935865 
650 0 7 |a snímače inteligentné  |2 snkbucl  |9 935866 
655 7 |a články zo zborníkov  |2 snkbucl  |9 166140 
773 0 |t Snímače a akčné členy v technologických a robotických systémoch  |d Bratislava : Dom techniky ČSVTS, 1985 
850 |a Slovenská národná knižnica v Martine  |a MTA001 
852 |a SNK  |b KIS3GCP 
958 |a RK 
992 |a RZB 
999 |c 1486813  |d 1488743